000 00255nam a2200097Ia 4500
008 120527s9999 xx 000 0 und d
100 _aKRAMER,Orin.
245 _aworkers compensation strenghten the social compact.
260 _bInsurance inf.
942 _cBK
999 _c24024
_d24024